00306nam a2200121Ia 45000030006000000080041000060400015000471000030000622450035000922600028001275460012001550050017001670STCL150530s9999 xx 000 0 und d aSTCLcSTCL aBrajadulal Chattopadhyaya amaking of early medieval India bOxford universityc1997 aEnglish20220125171425.0